000 00906nam a22002537i 4500
005 20251124112122.0
008 250906s2025 us ||||cr|||| 00| j ara d
020 _a9786140606296
040 _aJO-AmGAM
_erda
041 1 _aara
_hund
082 1 4 _aق
_bأ ل ي
100 1 _aأليفا، إيلينا
_eمؤلف.
245 1 0 _aقنفذ يعيش فصل الربيع /
_cإيلينا اليفا ؛ الرسوم داريا باركيفا ؛ ترجمة ومتابعة تحرير ريمان فزع.
264 3 1 _aNew York :
_bهاشيت أنطوان،
_c2025.
300 _a32 صفحة.
336 _2rdacontent
_aنص
_btxt
337 _2rdamedia
_aدون وسيط عرض
_bn
338 _2rdacarrier
_aمجلد
_bnc
650 1 7 _aالقصص القصيرة.
700 1 _aباركيفيا، داريا
_eرسام.
700 1 _aفزع، ريمان
_eمترجم.
942 _2ddc
_cBK
999 _c247310
_d247310